Quizzes
Events
Quiz Creation
Community
Videos
Private Events
Remove Ads
Sign In
Join for FREE
Feedback
Dark Mode
Quiz Categories
Sports
Geography
Music
Movies
Television
Just For Fun
Miscellaneous
History
Literature
Language
Science
Gaming
Entertainment
Religion
Holiday
For Kids
Quiz Lab
Recent
Popular Today
Quiz Kudos Today
Editor Picks
Curator Picks
Quizzes by...
Day
Popularity
Type
Ratings
Length
Year
Community
Subscriptions
Recent Discussions
Orange Saloon
Badges
Playlists
Quests
Create
Leaderboards
Showdown
Live 5
Trivia Bingo
Activity
Puzzle Library
Sporcle Events
Private Events
Virtual Trivia
Globe League
Become a Host
Pub Owners
SporcleCon
Opinionation
Our Games
Videos
Blog
Mobile Apps
Partnerships
Remove Ads and Go Orange
Feedback
Language
Vocabulary
Begins and Ends
Definition
Spanish
French
German
Italian
Chinese
Latin
Translation
Japanese
Language
Vocabulary
Begins and Ends
Definition
Spanish
French
German
Italian
Chinese
Latin
Translation
Japanese
Random Quiz
Search Sporcle
×
Quiz Lab
Quiz Lab
Language
common
Type in answers that appear in a list
Type in answers that appear in a list
Classic
Best Score? Go Orange.
Most Common Two Syllable Words Stats
Can you name the most common two syllable words?
By
coreywurts
6m
30 Questions
160 Plays
160 Plays
160 Plays
Comments
Comments
Give Quiz Kudos
Give Quiz Kudos
-
- Ratings
hide this ad
Replay
Link that replays current quiz
Next Quiz
Link to next quiz in quiz playlist
You Got
0%
They Got
Avg Score
32%
Avg Friend Score
Upgrade to see
Score Distribution
Jump to the score distribution portion of the page
Score
0/30
Timer
06:00
0
Plays Today
RANK
WORD
% Correct
6
BECAUSE
68.1%
14
OVER
62.5%
15
NEVER
61.9%
1
ABOUT
60.6%
3
INTO
60.6%
13
AFTER
58.8%
11
ANY
53.1%
10
EVEN
48.1%
2
PEOPLE
46.9%
9
VERY
42.5%
12
WOMAN
39.4%
5
ALSO
36.3%
8
ONLY
36.3%
7
MANY
35.6%
25
AGAIN
35.6%
RANK
WORD
% Correct
19
SOMETHING
33.8%
4
OTHER
28.8%
21
BEGIN
28.1%
17
BETWEEN
25.6%
18
REALLY
21.3%
16
BECOME
16.9%
22
COUNTRY
15%
30
NUMBER
14.4%
29
DURING
13.1%
28
QUESTION
11.9%
24
AGAINST
11.3%
20
STUDENT
5.6%
23
PROBLEM
1.9%
26
SYSTEM
1.9%
27
PROGRAM
1.3%
Quiz Playlist
Details
Report
Send in Message
Add To Playlist
Classic:
Type in answers that appear in a list
Last Updated: Feb 16, 2017
Quiz Scoreboard
CHALLENGE
Sign Up to Join the Scoreboard
Show All
Scores
Hide
Comments
May contain spoilers
Recently Published
9x9 Crossword: Cartoon Network
by jackfrog10
Miscellaneous
3m
College Basketball Coaching Resumes
by pancakes188
Sports
9m
Billboard Blitz: Fleetwood Mac
by CooCooCachoo
Music
15s
More to Explore
Quiz From the Vault
Featured Blog Post
Where Did the Easter Bunny Come From?
hide this ad
You Might Also Like...
Tags
common
Syllable
Today's Top Quizzes in Language
Browse Language
hide this ad
Today's Top Quizzes in common
Browse common
Top Contributed Quizzes in Language
1
1-10 Letter F Words III
2
1-10 Letter G Words III
3
Alphabetize! : 'As' words
4
1-10 Letter H Words III
5
Celtic Nations in their Language
6
1-10 Letter I Words III
7
One Thing in Common: Italy
8
Order Up: Top 10 Most Native Spoken Languages
9
1-10 Letter J Words III
10
Weisst du, aus welchen Sprachen diese Wörter stammen?
Explore More
Trending Topics
Crossword
NBA
Harry Potter
Kpop
Marvel
Disney
Anime
NFL
Country
WWE
Pokémon
Soccer
Puzzle
Song
The Office
hide this ad
More By:
coreywurts
Quiz
Plays
Rating
Category
Featured
Created
Most Common 3-Letter Words: '_O_'
36,548
4.30
Language
Jan 18, 2015
Most Common 3-Letter Words: '_E_'
29,376
3.99
Language
Jan 10, 2015
Billboard Most Common Song Titles
3,016
4.49
Music
Feb 23, 2015
Big Brother 16 (US): Eviction Order
2,841
4.00
Television
Sep 16, 2017
Big Brother 19 (US): Eviction Order
2,824
Television
Oct 21, 2017
Go to Creator's Profile
Score Distribution
Quiz Creator Spotlight
coreywurts
Follow
Send a Message
Quizzes Created
-
Created Quiz Play Count
-
More By This Creator
Popular Quizzes Today
1
Find the US States - No Outlines Minefield
2
Find the Countries of Europe - No Outlines Minefield
3
The Countries of the World
4
Find the US States
5
Risky Map Clicking: Biggest States A-Z
6
US States
7
Popular People in 1961
8
Movies - When Are They Set?
More Language Quizzes
Dravidian Languages
Quiz Lab
Trending Quizzes
Risky Map Clicking: Least Populous States A-Z
1-10 Letter G Words
1-10 Letter F Words
Risky Map Clicking: Next State Alphabetically
Adjectives in 80s TV Shows
Recently Updated
Leaping Animals
pecheneg
Reality TV Shows (A-Z)
bhenderson79
Rickey Henderson's Hall of Fame Teammates
pecheneg
Champions League XIs: Arsenal
pecheneg
Quick Pick: Celebrities in WWE's Hall of Fame
aduchscher
A-Z Keypad Blitz II
pecheneg
Multiple Oscar Actors
pecheneg
Mystery Phrase Blitz: Oscar 'Best Actors'
pecheneg
F. Scott Fitzgerald Novels
LTH
Pick 3 Villains
ddd62291
Trending Topics
Harry Potter
Disney
Kpop
Crossword
NBA
Anime
Marvel
Pokémon
WWE
Country
Song
Puzzle
NFL
Soccer
The Office
Your Account Isn't Verified!
In order to create a playlist on Sporcle, you need to verify the email address you used during registration. Go to your
Sporcle Settings
to finish the process.
Report this User
Report this user for behavior that violates our
Community Guidelines
.
Details:
Send Report
Go to the Sporcle.com Mobile Site →
Comments